000 00601nam a2200229Ia 4500
003 OSt
005 20220928113642.0
006 a|||||r|||| 00| 0
007 ta
008 220927b |||||||| |||| 00| 0 eng d
024 _a61997
037 _cTextual
040 _aSDCL
_cSDCL
_beng
041 _2eng
_aeng
082 _aNQ53,M, P4
100 _aHouse John
_9434280
245 0 _aImpressionism paint and politics.
260 _aNew Haven
_b Yale University press
_c2004
300 _avii,256p.
_ccm.
942 _hNQ53,M, P4
_cTEXL
_2CC
999 _c750629
_d750629